[Event "Druzynowe Mistrzostwa Polski Juniorow - II Liga"]
[Site "Iwonicz"]
[Date "2016-07-31"]
[Round "5.36"]
[White "Budkiewicz, Magdalena"]
[Black "Pisarek, Elzbieta"]
[Result "1-0"]
[WhiteTitle "I"]
[BlackTitle "I"]
[WhiteElo "1651"]
[BlackElo "1351"]

1. e4 c5 2. Nf3 d6 3. d4 cxd4 4. Nxd4 Nf6 5. Nc3 g6 6. Be3 Bg7 7. f3 Nc6 8. Qd2
O-O 9. O-O-O d5 10. exd5 Nxd5 11. Nxd5 Qxd5 12. Nb3 Qe5 13. Bd4 Nxd4 14. Qxd4
Qg5+ 15. Qd2 Qxd2+ 16. Nxd2 Rd8 17. Bc4 a6 18. Nb3 Bf5 19. g4 Bd7 20. Bd5 Rab8
21. Nc5 Bc6 22. Bxc6 Rxd1+ 23. Rxd1 bxc6 24. c3 a5 25. Rd7 Be5 26. h3 e6 27. Ra7
Rb5 28. Nb3 Bf4+ 29. Kc2 Re5 30. Nxa5 c5 31. Nc4 Re2+ 32. Kb3 Rh2 33. a4 Rxh3
34. a5 Rxf3 35. a6 Rd3 36. Ra8+ Kg7 37. a7 Rd7 38. Rg8+ Kxg8 39. a8=Q+ Kg7 40.
Qe4 Bg5 41. Qc6 Rd8 42. Qxc5 Bf4 43. Kc2 Kg8 44. b4 Re8 45. b5 e5 46. Qc6 Rf8
47. b6 f5 48. gxf5 gxf5 49. Qe6+ Kh8 50. Nxe5 Bxe5 51. Qxe5+ Kg8 52. b7 h5 53.
b8=Q Rxb8 54. Qxb8+ Kg7 55. Qd6 h4 56. c4 h3 57. c5 f4 58. Qxf4 h2 59. Qxh2 1-0

[Event "Druzynowe Mistrzostwa Polski Juniorow - II Liga"]
[Site "Iwonicz"]
[Date "2016-07-31"]
[Round "5.37"]
[White "Mrozowski, Patryk"]
[Black "Krawiec, Grzegorz"]
[Result "1/2-1/2"]
[WhiteTitle "I++"]
[BlackTitle "I"]
[WhiteElo "1901"]
[BlackElo "1791"]

1. e4 c5 2. Nf3 Nc6 3. d4 cxd4 4. Nxd4 e5 5. Nb5 a6 6. Nd6+ Bxd6 7. Qxd6 Qf6 8.
Qd2 Nge7 9. Nc3 d6 10. Be2 O-O 11. O-O Rd8 12. f4 exf4 13. Rxf4 Qd4+ 14. Qxd4
Nxd4 15. Bd3 Ng6 16. Rf2 Be6 17. Be3 Nc6 18. Bb6 Rd7 19. Rd2 Nge5 20. Be2 Bc4
21. Bd1 f6 22. b3 Be6 23. Be2 Ne7 24. Rad1 Nf7 25. Bf3 Re8 26. Ne2 Nc8 27. Bf2
Ne5 28. c4 Red8 29. Nf4 Nxf3+ 30. gxf3 Kf7 31. Ne2 Ke7 32. Nc3 Bf7 33. Be3 Be6
34. Kf2 g6 35. h4 Bf7 36. Bd4 h5 37. f4 Be6 38. Re1 Kf7 39. Ne2 f5 40. Ng3 Rg8
41. Bc3 b6 42. Red1 Rgd8 43. Rg1 Rg8 44. Bd4 Rb7 45. Kf3 Ne7 46. Be3 Rd8 47. Kf2
Nc8 48. Bd4 Rg8 49. Bb2 Rd7 50. Bd4 Rb7 1/2-1/2

[Event "Druzynowe Mistrzostwa Polski Juniorow - II Liga"]
[Site "Iwonicz"]
[Date "2016-07-31"]
[Round "5.38"]
[White "Karykowska, Anna"]
[Black "Drabek, Jan"]
[Result "1-0"]
[WhiteTitle "I++"]
[BlackTitle "I"]
[WhiteElo "1818"]
[BlackElo "1727"]

1. e4 c5 2. Nf3 Nc6 3. d4 cxd4 4. Nxd4 g6 5. Nc3 Bg7 6. Nde2 Nf6 7. g3 O-O 8. Bg2
d6 9. O-O Bd7 10. h3 Qc7 11. Bg5 Be6 12. Qd2 Ne5 13. g4 a6 14. b3 Rac8 15. Rac1
b5 16. f4 Qc5+ 17. Kh1 Nc6 18. f5 Bd7 19. Be3 Qb4 20. a3 Qa5 21. b4 Qc7 22. g5
Ne8 23. Nd5 Qb7 24. f6 Be6 25. fxg7 Nxg7 26. Nef4 Ne5 27. Bd4 Rc4 28. c3 Re8 29.
Qf2 Bxd5 30. Nxd5 Rf8 31. Bxe5 dxe5 32. Qg3 Rc6 33. Qxe5 Ne6 34. Qg3 Qd7 35. e5
Ng7 36. Nxe7+ Qxe7 37. Bxc6 Nf5 38. Qf4 Qe6 39. Be4 Ng7 40. Qh2 Rc8 41. Bf3 Rc4
42. Bg4 Qd5+ 43. Kg1 Qd3 44. Rcd1 Qe3+ 45. Qf2 Qxg5 46. Qxf7+ Kh8 47. Qf8# 1-0

[Event "Druzynowe Mistrzostwa Polski Juniorow - II Liga"]
[Site "Iwonicz"]
[Date "2016-07-31"]
[Round "5.39"]
[White "Jaszczuk, Mateusz"]
[Black "Fiedorek, Michal"]
[Result "0-1"]
[WhiteTitle "II"]
[BlackTitle "I"]
[WhiteElo "1337"]
[BlackElo "1756"]

1. c4 e5 2. Nc3 Bb4 3. g3 Bxc3 4. bxc3 d6 5. Bg2 Ne7 6. d3 Nbc6 7. Nf3 O-O 8. O-O
h6 9. Rb1 Rb8 10. Bb2 Be6 11. Nd2 f5 12. d4 Na5 13. d5 Bd7 14. e4 b6 15. Qc2 f4
16. f3 Ng6 17. Ba3 Qg5 18. g4 Nh4 19. Qd1 Rf6 20. Qe1 h5 21. h3 hxg4 22. hxg4
Bxg4 23. fxg4 Qxg4 24. Qf2 f3 25. Nxf3 Nxf3+ 0-1

[Event "Druzynowe Mistrzostwa Polski Juniorow - II Liga"]
[Site "Iwonicz"]
[Date "2016-07-31"]
[Round "5.40"]
[White "Lewandowski, Wiktor"]
[Black "Gazda, Dominik"]
[Result "1/2-1/2"]
[WhiteTitle "II"]
[BlackTitle "II"]
[WhiteElo "1406"]
[BlackElo "1223"]

1. e4 c5 2. Nf3 Nc6 3. d4 cxd4 4. Nxd4 g6 5. c4 Bg7 6. Be3 d6 7. Nc3 Nf6 8. Be2
Bd7 9. O-O O-O 10. Qd2 Re8 11. f3 a6 12. Rac1 Rc8 13. Nxc6 Rxc6 14. Rfd1 Qa5 15.
Rb1 Rec8 16. b4 Qd8 17. Nd5 Qf8 18. a4 Rb8 19. b5 Rcc8 20. Nb6 Rc7 21. Nxd7 Rxd7
22. Bb6 Bh6 23. Qb4 Qc8 24. Rb3 Ne8 25. Rbd3 Bf8 26. e5 Nc7 27. f4 Ne6 28. g3
Nc5 29. R3d2 Ne6 30. Bg4 h5 31. Bxe6 fxe6 32. Qb1 Kg7 33. Qe4 Kh6 34. exd6 Rxd6
35. Rxd6 exd6 36. Re1 axb5 37. axb5 d5 38. Qe5 Bc5+ 39. Bxc5 Qxc5+ 40. Kh1 Re8
41. cxd5 Qxb5 42. dxe6 Qxe5 43. Rxe5 Kg7 44. Rb5 Re7 45. Kg2 Kf6 46. Rb6 Rxe6
47. Rxb7 Ra6 48. Rb2 Kf5 49. h3 Ra3 50. Rb5+ Kf6 51. g4 hxg4 52. hxg4 Rc3 53.
Rb6+ Kf7 54. Kf2 Ra3 55. Rb5 Kf6 56. Re5 Rb3 57. Re3 Rb1 58. Kf3 Rf1+ 59. Ke4
Rg1 60. g5+ Kf7 61. Ke5 Ra1 62. Rd3 Ra5+ 63. Rd5 Ra7 64. Rd6 Re7+ 65. Kd5 Kg7
66. Kc6 Re4 67. Rf6 Re7 68. Kd6 Re4 69. Kd5 Re7 70. Re6 Rf7 71. Ke5 Ra7 72. Rf6
Re7+ 73. Kd4 Kh7 74. f5 gxf5 75. Rxf5 Kg6 76. Rd5 Re1 1/2-1/2

[Event "Druzynowe Mistrzostwa Polski Juniorow - II Liga"]
[Site "Iwonicz"]
[Date "2016-07-31"]
[Round "5.41"]
[White "Winter, Anna"]
[Black "Maciak, Gabriela"]
[Result "0-1"]
[WhiteTitle "I"]
[BlackTitle "I"]
[WhiteElo "1374"]
[BlackElo "1492"]

1. e4 c5 2. Nf3 a6 3. d4 cxd4 4. Nxd4 Nf6 5. Nc3 e5 6. Nb3 Bb4 7. Bd3 d5 8. exd5
Nxd5 9. Bd2 Nxc3 10. Bxc3 Bxc3+ 11. bxc3 Qc7 12. Qd2 O-O 13. O-O Be6 14. Nc1 Rd8
15. Qe1 Nd7 16. Ne2 Nc5 17. Nc1 Na4 18. Ne2 Rac8 19. h3 b5 20. f4 exf4 21. Nxf4
Re8 22. Qh4 g6 23. Nxe6 Rxe6 24. Rf3 Nxc3 25. Raf1 Rf8 26. Qg4 Qb6+ 27. Kh1 Nd5
28. Qg5 Nb4 29. a3 Nxd3 30. Rxd3 Re2 31. Rd2 Rxd2 32. Qxd2 Rd8 33. Qf4 Qe6 34.
Rf2 Rd5 35. Rf1 Kg7 36. Qf2 Rf5 37. Qd4+ Qe5 38. Qxe5+ Rxe5 39. Rf3 Rc5 40. c3
Rc4 41. Kg1 Ra4 0-1

[Event "Druzynowe Mistrzostwa Polski Juniorow - II Liga"]
[Site "Iwonicz"]
[Date "2016-07-31"]
[Round "5.42"]
[White "Lascar, Maria Elena"]
[Black "Uliasz, Katarzyna"]
[Result "1-0"]
[WhiteTitle "I+"]
[BlackTitle "II+"]
[WhiteElo "1475"]
[BlackElo "1097"]

1. e4 d5 2. exd5 Qxd5 3. Nc3 Qd6 4. g3 Nf6 5. Bg2 c6 6. d4 Bf5 7. Nf3 Nbd7 8. O-O
e6 9. Re1 Qc7 10. Ne5 Bd6 11. f4 O-O 12. Bf3 Bxe5 13. fxe5 Nd5 14. Nxd5 cxd5 15.
c3 Nb6 16. g4 Bg6 17. h4 f6 18. h5 Be8 19. Kg2 fxe5 20. Rxe5 Bd7 21. h6 g6 22.
Qc2 Nc4 23. Re2 Rf7 24. b3 Nb6 25. Bg5 Raf8 26. Re3 Qc8 27. Qd1 Na8 28. Rc1 Nc7
29. c4 a6 30. cxd5 exd5 31. Bh4 Bc6 32. Qe1 Re8 33. Rxe8+ Qxe8 34. Qg3 Nb5 35.
Re1 Qd7 36. Qe5 Rf8 37. Be7 Rf7 38. Qb8+ Qe8 39. Qxe8+ Bxe8 40. Bxd5 Nxd4 41.
Bxf7+ Bxf7 42. Bf6 Bd5+ 43. Kg3 Nc2 44. Re8+ Kf7 45. Re2 Kxf6 46. Rxc2 Bc6 47.
Rc5 Ke6 48. Kf4 Kd6 49. Re5 Bd7 50. Re1 Bc6 51. Kg5 Bf3 52. Kf6 Bxg4 53. Kg7 Bf5
54. Kxh7 g5+ 55. Kg7 g4 56. h7 Bxh7 57. Kxh7 g3 58. Rg1 Kc5 59. Rxg3 Kb4 60. Kg6
Ka3 61. Rg2 b5 62. Kf5 a5 63. Ke4 a4 64. bxa4 bxa4 65. Rd2 Kb4 66. Kd4 Ka3 67.
Rc2 Kb4 68. Rc4+ Ka3 69. Kc3 Kxa2 70. Rxa4+ Kb1 71. Rb4+ Ka2 72. Rb8 Ka1 73. Kc2
Ka2 74. Ra8# 1-0

[Event "Druzynowe Mistrzostwa Polski Juniorow - II Liga"]
[Site "Iwonicz"]
[Date "2016-07-31"]
[Round "5.43"]
[White "Binkowski, Tomasz"]
[Black "Koseski, Damian"]
[Result "0-1"]
[WhiteTitle "III"]
[BlackTitle "I"]
[WhiteElo "1438"]
[BlackElo "1762"]

1. e4 c5 2. Nf3 d6 3. d4 cxd4 4. Nxd4 Nf6 5. Nc3 g6 6. Be3 Bg7 7. Qd2 O-O 8. Bd3
Nc6 9. Nxc6 bxc6 10. Bh6 Be6 11. O-O Nd7 12. Bxg7 Kxg7 13. b3 Qa5 14. Rad1 Nb6
15. Ne2 Qxd2 16. Rxd2 a5 17. Nf4 a4 18. Nxe6+ fxe6 19. Re2 Ra7 20. Rd1 Rfa8 21.
f3 axb3 22. axb3 Ra2 23. Kf2 Rb2 24. Kg3 Raa2 25. Rc1 c5 26. Kg4 Ra3 27. Ree1
Kf6 28. h4 Nd7 29. f4 h5+ 30. Kf3 d5 31. exd5 exd5 32. Bb5 Nb6 33. Ra1 Nc4 34.
Rxa3 Nxa3 35. Bc6 Nxc2 36. Rd1 Nd4+ 37. Rxd4 Rxb3+ 38. Ke2 cxd4 39. Bxd5 Re3+
40. Kf2 e6 41. Bc6 e5 42. Be8 exf4 43. Bc6 d3 0-1

[Event "Druzynowe Mistrzostwa Polski Juniorow - II Liga"]
[Site "Iwonicz"]
[Date "2016-07-31"]
[Round "5.44"]
[White "Laszczak, Przemyslaw"]
[Black "Kupiecki, Szymon"]
[Result "1-0"]
[WhiteTitle "I+"]
[BlackTitle "II"]
[WhiteElo "1819"]
[BlackElo "1432"]

1. d4 Nf6 2. Bg5 d6 3. e3 Nbd7 4. Bd3 g6 5. Nf3 Bg7 6. Nbd2 O-O 7. O-O Re8 8. c3
e5 9. Bc4 h6 10. Bxf6 Nxf6 11. dxe5 dxe5 12. Qb3 Qe7 13. Rfd1 Nd7 14. Qc2 Nb6
15. Bb3 Bf5 16. e4 Be6 17. Nf1 Rad8 18. Ne3 c6 19. c4 f6 20. c5 Nd7 21. Bxe6+
Qxe6 22. Rd6 Qf7 23. Qd2 Bf8 24. Ng4 Re6 25. Rd3 h5 26. Ngxe5 Rxe5 27. Nxe5 fxe5
28. Rd1 Bxc5 29. Rxd7 Rxd7 30. Qxd7 Qxf2+ 31. Kh1 Bd4 32. Qc8+ Kg7 33. Qxb7+ Kh6
34. Qxc6 h4 35. Qc1+ Kh5 36. Qd2 Qf7 37. Qe2+ Kh6 38. b3 Qb7 39. Qg4 Qe7 40. Rc1
Qf6 41. Qf3 Qg5 42. Qf8+ Kh5 43. Rc7 Qe3 44. Rh7+ Kg4 45. Qc8+ Kg5 46. Qd8+ Kf4
1-0

[Event "Druzynowe Mistrzostwa Polski Juniorow - II Liga"]
[Site "Iwonicz"]
[Date "2016-07-31"]
[Round "5.45"]
[White "Niedbala, Bartlomiej"]
[Black "Krolak, Kacper"]
[Result "1-0"]
[WhiteTitle "I"]
[BlackTitle "III"]
[WhiteElo "1626"]
[BlackElo "1174"]

1. d4 Nf6 2. Bg5 e6 3. Nf3 d5 4. e3 Nbd7 5. Nbd2 Be7 6. c3 O-O 7. Bd3 a6 8. Bxf6
Nxf6 9. e4 dxe4 10. Nxe4 Nxe4 11. Bxe4 Rb8 12. Bc2 b5 13. h4 Bb7 14. Qd3 f5 15.
Qe2 Qd6 16. Bb3 Bd5 17. Bxd5 Qxd5 18. Qe5 Bd6 19. Qxd5 exd5 20. Kd2 Rfe8 21. Rhe1
g6 22. g3 c5 23. Rxe8+ Rxe8 24. Re1 Rxe1 25. Kxe1 Kf7 26. Ng5+ Kg7 27. dxc5 Bb8
28. c6 Kf6 29. Nxh7+ Ke6 30. Nf8+ Kf7 31. Nd7 Bc7 32. Nc5 Ke7 33. Nxa6 Kd6 34.
Nxc7 Kxc7 35. Kd2 Kxc6 36. Kd3 Kc5 37. f3 Kd6 38. Kd4 Ke6 39. g4 fxg4 40. fxg4
Kf7 1-0

[Event "Druzynowe Mistrzostwa Polski Juniorow - II Liga"]
[Site "Iwonicz"]
[Date "2016-07-31"]
[Round "5.46"]
[White "Zaborowski, Maciej"]
[Black "Lichorad, Mateusz"]
[Result "0-1"]
[WhiteTitle "II"]
[BlackTitle "II"]
[WhiteElo "1118"]
[BlackElo "1594"]

1. d4 Nf6 2. Nf3 d5 3. Bf4 Bf5 4. e3 e6 5. c3 Nbd7 6. Bd3 Bg6 7. O-O Be7 8. h3
O-O 9. Bxg6 hxg6 10. Nbd2 c5 11. Be5 a6 12. Qc2 b5 13. b4 cxb4 14. cxb4 Rc8 15.
Qd3 Bxb4 16. Rfc1 Qb6 17. Bxf6 Nxf6 18. Ne5 Qb7 19. Rab1 Bxd2 20. Qxd2 Rxc1+ 21.
Rxc1 Rc8 22. Rc2 Ne4 23. Qc1 Rxc2 24. Qxc2 Nd6 25. Kf1 Nc4 26. Nxc4 dxc4 27. Ke2
Kf8 28. f3 Ke7 29. Qc3 Qb6 30. a3 Kd7 31. Kd2 Qd6 32. Qc1 Kc7 33. Kc3 Qb6 34.
Qb2 a5 35. Qb1 Qc6 36. Qb2 Kb6 37. Qb1 Qd6 38. Qb2 Qe7 39. a4 Qd7 40. Qxb5+ Qxb5
41. axb5 Kxb5 42. e4 a4 43. d5 exd5 44. exd5 a3 45. d6 Kc6 46. d7 Kxd7 47. Kc2
Ke6 48. Kc3 Kf5 49. g3 g5 50. Kc2 Ke5 51. Kc3 f5 52. h4 gxh4 53. gxh4 Kf4 54.
Kc2 Kxf3 55. Kb1 c3 56. h5 Ke3 57. h6 gxh6 58. Ka1 c2 59. Ka2 Kd3 60. Kb3 c1=Q
61. Kb4 a2 62. Kb3 a1=Q 63. Kb4 Qab2+ 64. Ka4 Qca1# 0-1

[Event "Druzynowe Mistrzostwa Polski Juniorow - II Liga"]
[Site "Iwonicz"]
[Date "2016-07-31"]
[Round "5.47"]
[White "Kotula, Magdalena"]
[Black "Parol, Pola"]
[Result "1/2-1/2"]
[WhiteTitle "I+"]
[BlackTitle "k"]
[WhiteElo "1567"]
[BlackElo "1817"]

1. e4 c5 2. Nf3 Nc6 3. d4 cxd4 4. Nxd4 g6 5. Nc3 Bg7 6. Be3 Nf6 7. Bc4 O-O 8. Bb3
d6 9. f3 Nxd4 10. Bxd4 Be6 11. Qd2 Qa5 12. O-O-O b5 13. Kb1 Rfc8 14. Nd5 Qxd2
15. Rxd2 Bxd5 16. Bxd5 Nxd5 17. Bxg7 Kxg7 18. Rxd5 a6 19. Rhd1 Rc6 20. e5 dxe5
21. Rxe5 e6 22. Re4 Rac8 23. Rd2 Rc5 24. Red4 Re5 25. Kc1 Rcc5 26. Rd7 Re1+ 27.
Rd1 Re2 28. R1d2 Rce5 29. Rxe2 Rxe2 30. Rd2 Re1+ 31. Rd1 Re5 32. Rd6 a5 33. Kd2
Rg5 34. g3 h5 35. Ke3 Rc5 36. c3 Kf6 37. Kd4 Re5 38. Kd3 Re1 39. Rb6 Rd1+ 40.
Ke3 Re1+ 41. Kd3 Rd1+ 42. Ke3 Rd5 43. b3 Rc5 44. Kd4 Rd5+ 45. Ke3 Rc5 46. Kd4
Rd5+ 47. Ke4 Ke5+ 1/2-1/2

[Event "Druzynowe Mistrzostwa Polski Juniorow - II Liga"]
[Site "Iwonicz"]
[Date "2016-07-31"]
[Round "5.48"]
[White "Zaborowska, Maria"]
[Black "Hertlein, Irena"]
[Result "1/2-1/2"]
[WhiteTitle "I"]
[BlackTitle "I"]
[WhiteElo "1215"]
[BlackElo "1488"]

1. c4 Nf6 2. Nc3 g6 3. g3 Bg7 4. Nf3 O-O 5. Bg2 d6 6. O-O e5 7. d3 Be6 8. Bd2 h6
9. Qc1 Kh7 10. h4 Qd7 11. Nh2 Bh3 12. Bxb7 Bxf1 13. Bxa8 Bh3 14. Bg2 Bxg2 15.
Kxg2 Ng4 16. f3 Nxh2 17. Kxh2 f5 18. Qg1 Nc6 19. Qg2 f4 20. g4 Rh8 21. Ne4 Qe7
22. Rg1 Qxh4+ 23. Qh3 Qxh3+ 24. Kxh3 Nd4 25. Re1 Rb8 26. Bc3 Nc2 27. Rc1 Ne3 28.
b3 h5 29. g5 Bf8 30. d4 exd4 31. Bxd4 Bg7 32. Bxe3 fxe3 33. Rd1 Be5 34. Rd3 Bf4
35. Kh4 Kg7 36. Nf6 c6 37. Ne4 Rd8 38. Nc5 Kf7 39. Nb7 Rd7 40. Nc5 Rd8 41. Nb7
Rd7 42. Nc5 a5 43. a4 Rd8 44. Nb7 Rd7 1/2-1/2

[Event "Druzynowe Mistrzostwa Polski Juniorow - II Liga"]
[Site "Iwonicz"]
[Date "2016-07-31"]
[Round "5.49"]
[White "Pyka, Slawomir"]
[Black "Klepek, Witold"]
[Result "0-1"]
[WhiteTitle "I"]
[BlackTitle "k"]
[WhiteElo "1620"]
[BlackElo "2139"]

1. d4 Nf6 2. Nf3 c5 3. c3 e6 4. Bg5 d5 5. e3 Be7 6. Nbd2 Nbd7 7. Bd3 b6 8. O-O
Bb7 9. Qc2 Rc8 10. Bxf6 Bxf6 11. Bb5 a6 12. Bxd7+ Qxd7 13. Rac1 O-O 14. Qd3 Qc7
15. Qb1 Be7 16. b4 Bc6 17. Rfe1 Bb5 18. a3 h6 19. Ne5 Bd6 20. Ndf3 Rfe8 21. g3
g5 22. c4 dxc4 23. Nxc4 Bxc4 24. Rxc4 b5 25. Rcc1 c4 26. Rc3 e5 27. d5 e4 28.
Nd2 Qe7 29. Qd1 Qe5 30. Nb1 Rcd8 31. Qd4 Bf8 32. Rd1 Qxd4 33. Rxd4 Bg7 34. Rd1
Re5 35. Rcc1 Rexd5 36. Rxd5 Rxd5 37. Kg2 Rd3 38. a4 g4 39. Rc2 f5 40. Ra2 Rb3
41. axb5 axb5 42. Ra8+ Kh7 43. Na3 Rxb4 44. Rb8 c3 45. Kf1 Rb3 46. Nc2 Rb2 47.
Ne1 b4 48. Rb5 b3 49. Rxf5 c2 0-1

[Event "Druzynowe Mistrzostwa Polski Juniorow - II Liga"]
[Site "Iwonicz"]
[Date "2016-07-31"]
[Round "5.51"]
[White "Gozdzicki, Maciej"]
[Black "Kozubek, Krystian"]
[Result "1-0"]
[WhiteTitle "II"]
[BlackTitle "II"]
[WhiteElo "1514"]
[BlackElo "1136"]

1. Nf3 Nf6 2. d4 e6 3. c4 d5 4. Bg5 c6 5. e3 Qa5+ 6. Nbd2 Ne4 7. Bh4 Bb4 8. a3
Bxd2+ 9. Nxd2 Qxd2+ 10. Qxd2 Nxd2 11. Kxd2 Nd7 12. Bd3 f6 13. Rac1 Nb6 14. c5
Nd7 15. b4 a6 16. a4 O-O 17. Rc2 Re8 18. Rhc1 Nf8 19. b5 axb5 20. axb5 Bd7 21.
bxc6 Bxc6 22. Rb2 Ra7 23. Rcb1 Rea8 24. Bb5 Ra2 25. Bxc6 bxc6 26. Kc3 R2a3+ 27.
Rb3 Kf7 28. Kc2 Ra2+ 29. R1b2 Nd7 30. Bg3 e5 31. Rb7 Rxb2+ 32. Kxb2 Ke6 33. Kb3
g5 34. Rc7 Ra6 35. Rc8 h5 36. h4 Kf5 37. Rh8 Kg4 38. hxg5 fxg5 39. Bxe5 Nxe5 40.
dxe5 Kf5 41. Rxh5 Kxe5 42. Rxg5+ Kf6 43. Rh5 Kg6 44. Re5 Kf6 45. f4 Ra5 46. g4
Rxc5 47. g5+ Kg7 48. e4 Rc4 49. exd5 cxd5 50. f5 Rg4 51. f6+ Kg6 52. Rxd5 Kf7
53. Kc3 Ke6 54. Ra5 Kf7 55. Kd3 Kg6 56. Ke3 Rb4 57. Re5 Rg4 58. Rf5 Rg3+ 59. Kf2
Ra3 60. f7 Ra2+ 61. Ke3 Ra3+ 62. Kd2 Ra2+ 63. Kc3 Kxf5 64. f8=Q+ Kg4 65. g6 Ra7
66. g7 Rc7+ 67. Kb3 Rb7+ 68. Qb4+ Rxb4+ 69. Kxb4 Kf5 70. g8=Q 1-0

[Event "Druzynowe Mistrzostwa Polski Juniorow - II Liga"]
[Site "Iwonicz"]
[Date "2016-07-31"]
[Round "5.52"]
[White "Gradalski, Olaf"]
[Black "Majdanski, Maksymilian"]
[Result "1/2-1/2"]
[WhiteTitle "II"]
[BlackTitle "II"]
[WhiteElo "1144"]
[BlackElo "1515"]

1. e4 e5 2. Nf3 Nc6 3. Bc4 Bc5 4. c3 Nf6 5. d4 exd4 6. cxd4 Bb4+ 7. Bd2 Bxd2+ 8.
Nbxd2 d5 9. exd5 Nxd5 10. O-O O-O 11. Ne5 Nxe5 12. dxe5 Nb6 13. Bb3 Qe7 14. Re1
a5 15. Rc1 Rd8 16. Bc2 Qb4 17. Bxh7+ Kxh7 18. Qh5+ Kg8 19. Ne4 Qe7 20. g4 Bxg4
21. Qxg4 Qxe5 22. Ng5 Qf6 23. Rxc7 Rd7 24. Rxd7 Nxd7 25. Qxd7 Qxg5+ 26. Kf1 b6
27. Re8+ Rxe8 28. Qxe8+ Kh7 29. Qxf7 Qc1+ 30. Kg2 Qxb2 31. Qh5+ Kg8 32. Qe8+ Kh7
33. Qh5+ Kg8 34. Qe8+ Kh7 35. Qh5+ 1/2-1/2

[Event "Druzynowe Mistrzostwa Polski Juniorow - II Liga"]
[Site "Iwonicz"]
[Date "2016-07-31"]
[Round "5.53"]
[White "Krzywnicka, Maria"]
[Black "Gredka, Dominika"]
[Result "0-1"]
[WhiteTitle "I+"]
[BlackTitle "I++"]
[WhiteElo "1685"]
[BlackElo "1687"]

1. e4 e5 2. Nf3 d6 3. Bc4 Be7 4. h3 Nf6 5. d3 O-O 6. O-O c6 7. Bb3 a5 8. c3 h6
9. Re1 Nbd7 10. Nbd2 Re8 11. Nf1 Bf8 12. Ne3 Qc7 13. Nh4 Nc5 14. Bc2 Bd7 15. Nef5
Rad8 16. Bd2 Bc8 17. b4 axb4 18. cxb4 Ne6 19. Qc1 Kh7 20. Kh1 Qb6 21. Be3 Nd4
22. Nxd4 exd4 23. Bd2 d5 24. e5 Nd7 25. f4 Bxb4 26. Rb1 Bxd2 27. Qxd2 Qc7 28.
Bd1 Nc5 29. Qf2 Qa5 30. Qg3 Qc3 31. Be2 Ne4 32. Qh2 Nf2+ 33. Kg1 Nxd3 34. Rf1
Qd2 35. Bxd3+ Qxd3 36. Rb3 Qc2 37. Qg3 c5 38. f5 c4 39. Rbf3 Qd2 40. f6 g6 41.
Nf5 Bxf5 42. Rxf5 Qe3+ 43. Qxe3 dxe3 0-1

[Event "Druzynowe Mistrzostwa Polski Juniorow - II Liga"]
[Site "Iwonicz"]
[Date "2016-07-31"]
[Round "5.54"]
[White "Orlik, Sandra"]
[Black "Partyka, Justyna"]
[Result "1-0"]
[WhiteTitle "I"]
[BlackTitle "II"]
[WhiteElo "1519"]
[BlackElo "1150"]

1. d4 d5 2. f4 Nf6 3. Nf3 Bf5 4. e3 e6 5. Bd3 Nbd7 6. Bxf5 exf5 7. Qd3 g6 8. c4
c5 9. Nc3 Ne4 10. Nxd5 Qa5+ 11. Bd2 Qd8 12. O-O cxd4 13. exd4 Nb6 14. Nc3 Nxd2
15. Nxd2 Be7 16. Rfe1 O-O 17. Nf3 Bf6 18. g3 Qc7 19. c5 Nd7 20. b4 Rac8 21. Nb5
Qb8 22. Rac1 Rfd8 23. Nd6 Rc6 24. Qb3 Rf8 25. Ne5 Nxe5 26. dxe5 Be7 27. b5 Rc7
28. Red1 a6 29. a4 axb5 30. axb5 Qa8 31. Ra1 Qb8 32. Rdc1 Qd8 33. Qd5 Qd7 34.
b6 Qc6 35. Qxc6 Rxc6 36. Nxb7 Rfc8 37. Nd6 Bxd6 38. exd6 Kf8 39. b7 Re8 40. Ra8
1-0

[Event "Druzynowe Mistrzostwa Polski Juniorow - II Liga"]
[Site "Iwonicz"]
[Date "2016-07-31"]
[Round "5.55"]
[White "Gajewski, Marcin"]
[Black "Miasik, Adrian"]
[Result "0-1"]
[WhiteTitle "II"]
[BlackTitle "I"]
[WhiteElo "1531"]
[BlackElo "1950"]

1. c4 e5 2. Nc3 Nf6 3. g3 Bb4 4. Bg2 c6 5. a3 Bxc3 6. bxc3 O-O 7. Nf3 e4 8. Nd4
d5 9. cxd5 c5 10. Nc2 Qxd5 11. d4 Rd8 12. O-O Nc6 13. Bb2 Be6 14. dxc5 Qxc5 15.
Qc1 Bc4 16. Nd4 Nxd4 17. cxd4 Qb5 18. Re1 Rac8 19. Qd2 Qf5 20. Rac1 Re8 21. e3
h5 22. Bf1 Bxf1 23. Rxc8 Rxc8 24. Rxf1 h4 25. Rc1 Rd8 26. Qe2 b6 27. Rd1 Nh7 28.
gxh4 Rd6 29. Kh1 Rh6 30. Rf1 Rxh4 31. f3 Ng5 32. f4 Nf3 33. Rf2 Qg4 34. Qf1 Qh5
35. Rg2 Rxh2+ 36. Rf2 Rh4+ 37. Qe2 f6+ 38. Qf1 0-1

[Event "Druzynowe Mistrzostwa Polski Juniorow - II Liga"]
[Site "Iwonicz"]
[Date "2016-07-31"]
[Round "5.56"]
[White "Ciasnocha, Michal"]
[Black "Kucharski, Daniel"]
[Result "0-1"]
[WhiteTitle "II"]
[BlackTitle "II"]
[WhiteElo "1460"]
[BlackElo "1328"]

1. d4 d5 2. c4 e6 3. Nc3 Nf6 4. cxd5 exd5 5. Bg5 Be7 6. Qc2 Nc6 7. O-O-O Be6 8.
f3 Qd7 9. e4 Nb4 10. Qd2 dxe4 11. Bxf6 gxf6 12. d5 e3 13. Qd4 Bf5 14. d6 Qxd6
15. Bb5+ Kf8 16. Qxe3 Qc5 17. Qxc5 Bxc5 18. Re1 a6 19. Bf1 Rd8 20. a3 Nc2 21.
Re2 Be3+ 22. Kb1 Nd4+ 0-1

[Event "Druzynowe Mistrzostwa Polski Juniorow - II Liga"]
[Site "Iwonicz"]
[Date "2016-07-31"]
[Round "5.57"]
[White "Strugacz, Michal"]
[Black "Babiarz, Arkadiusz"]
[Result "1-0"]
[WhiteTitle "III"]
[BlackTitle "I"]
[WhiteElo "1259"]
[BlackElo "1692"]

1. e4 c5 2. Nf3 e6 3. d4 cxd4 4. Nxd4 a6 5. Nc3 b5 6. Bd3 Bb7 7. O-O Qc7 8. a4
b4 9. Na2 Nf6 10. Re1 Nc6 11. Nxc6 Bxc6 12. c3 a5 13. Bg5 Bc5 14. Be3 Bd6 15.
Bd4 e5 16. Be3 Nxe4 17. Qg4 Nc5 18. Bxc5 Bxc5 19. Qxg7 O-O-O 20. Qxe5 Bd6 21.
Qh5 b3 22. Nc1 Rhg8 23. Bf1 Qb7 24. g3 Qb6 25. Re3 Bf4 26. Rd3 Rg6 27. Qe2 Qc7
28. Qe1 Rdg8 29. Ne2 Bd6 30. Bg2 h5 31. Bxc6 dxc6 32. Nd4 Rg5 33. Qe4 Rc5 34.
Nf5 Rd8 35. Rad1 Rxf5 36. Qxf5+ Kb8 37. Qf6 1-0

[Event "Druzynowe Mistrzostwa Polski Juniorow - II Liga"]
[Site "Iwonicz"]
[Date "2016-07-31"]
[Round "5.59"]
[White "Knapik, Julia"]
[Black "Luka, Agnieszka"]
[Result "1-0"]
[WhiteTitle "I+"]
[BlackTitle "II"]
[WhiteElo "1627"]
[BlackElo "1307"]

1. e4 c5 2. Nc3 Nc6 3. g3 g6 4. Bg2 Bg7 5. d3 d6 6. Be3 Nf6 7. f3 O-O 8. Qd2 b6
9. Bh6 Bb7 10. h4 d5 11. exd5 Nxd5 12. Bxg7 Kxg7 13. h5 Kg8 14. Qh6 Nf6 15. Ne4
Qd4 16. hxg6 fxg6 17. Nxf6+ Rxf6 18. Qxh7+ Kf8 19. O-O-O Qe3+ 20. Kb1 Qe6 21.
Qh8+ Qg8 22. f4 Qxh8 23. Rxh8+ Kg7 24. Rh2 Na5 25. Bxb7 Nxb7 26. Re1 Re8 27. Nf3
Nd6 28. Ng5 Nf7 29. Ne6+ Kg8 30. Nc7 Rc8 31. Nd5 Rfc6 32. Nxe7+ Kf8 33. Nxc8 Rxc8
34. Re6 Kg7 35. Re7 a5 36. Rb7 Rc6 37. Re2 Kf6 38. g4 Nd8 39. Rh7 Nf7 40. g5+
Nxg5 41. fxg5+ Kxg5 42. c3 Rd6 43. Kc2 Kf5 44. Rf2+ Kg5 45. a3 Re6 46. b4 axb4
47. axb4 cxb4 48. cxb4 Rc6+ 49. Kb3 b5 50. d4 Rd6 51. Kc3 Kg4 52. Rd2 Kf5 53.
d5 Ke5 54. Re7+ Kf6 55. Re6+ Rxe6 56. dxe6 Kxe6 57. Kd4 g5 58. Kc5 1-0

[Event "Druzynowe Mistrzostwa Polski Juniorow - II Liga"]
[Site "Iwonicz"]
[Date "2016-07-31"]
[Round "5.60"]
[White "Polak, Sylwia"]
[Black "Bienek, Magdalena"]
[Result "1-0"]
[WhiteTitle "II"]
[BlackTitle "II"]
[WhiteElo "1128"]
[BlackElo "1071"]

1. d4 Nf6 2. c4 g6 3. Nc3 d6 4. e4 Bg7 5. f4 Nc6 6. Nf3 Nd7 7. Be3 O-O 8. Be2 e5
9. fxe5 dxe5 10. d5 Ne7 11. O-O f5 12. Ng5 Nf6 13. exf5 Nxf5 14. Bc5 Re8 15. Nge4
Nxe4 16. Nxe4 Qh4 17. Qd3 b6 18. Bf2 Qe7 19. Rab1 Nd4 20. Qd2 Bf5 21. Bd3 Rad8
22. Qe3 Qd7 23. Bh4 Rc8 24. Rfe1 Bg4 25. b3 Nf5 26. Qg5 Nxh4 27. Qxh4 Bf5 28.
Rbd1 Qe7 29. Qxe7 Rxe7 30. Kh1 Bg4 31. Rd2 Bh6 32. Rf2 Rf7 33. Nf6+ Rxf6 34. Rxf6
Bg5 35. Rff1 Re8 36. h3 Bd7 37. Be4 Kg7 38. Rf3 Re7 39. Ref1 Be8 40. b4 Bd2 41.
Rb3 Ba4 42. Rbb1 Bc3 43. Rf2 Bd4 44. Rf3 Kh6 45. b5 Bc5 46. Kh2 Rg7 47. Rbf1 Bd6
48. Rf7 Rxf7 49. Rxf7 Bd1 50. Rf2 Bh5 51. g4 Bxg4 52. hxg4 Kg7 53. Kh3 Bc5 54.
Rf1 Bd6 55. g5 Be7 56. Kg4 h6 57. gxh6+ Kxh6 58. Ra1 Bc5 59. Rh1+ Kg7 60. Ra1
Bd4 61. Rf1 Bc5 62. a4 Be7 63. Ra1 Kh6 64. a5 Bc5 65. axb6 axb6 66. Re1 Bd6 67.
Re2 g5 68. Rh2+ Kg7 69. Kxg5 Be7+ 70. Kf5 Kf8 71. Ke6 Bd6 72. Rh5 Kg7 73. Rxe5
Bxe5 74. Kxe5 Kf7 75. d6 Ke8 76. Bf5 Kd8 77. Kd5 cxd6 78. Kxd6 Ke8 79. Kc7 Ke7
80. Kxb6 Kf6 81. Bh3 Ke5 82. Kc5 Ke4 83. b6 Kd3 84. b7 Kc3 85. b8=Q Kc2 86. Qg3
Kb2 87. Kb4 Kc1 88. Qh2 Kd1 89. Kc3 Ke1 90. Kd3 Kd1 91. Qd2# 1-0